00788nam a22002657a 45000010005000000030006000050050017000110080041000280200018000690400029000870500010001160820008001261000019001342450043001532500023001962600047002193000058002664900023003245050008003475200063003555210020004185210020004386000035004587000029004933048FISKH20240201142209.0240201b cb ||||| |||| 00| 0 eng d a9780763611873 aFISKHbengcFISKHdFISKH a372.4 aPZ7 aMartin, David  aMonkey, watch out! /cby Martin, David aFirst edition 2000 aMassachusetts :bCandlewick Press , c2000 a8 unnumbered pages :bcolor illustrations ;c15 cm .  a Brand New Readers aA  aOnly after he stops riding things does monkey have a fall.8 a10 bLexile 8 aA bRaz-Plus  2monkeysvchildren's literature aNash, Scotteillustrator